| 000 | 03871nam a22003617a 4500 | ||
|---|---|---|---|
| 999 |
_c21784 _d21784 |
||
| 003 | AR-CdUCM | ||
| 008 | 190425b ||||| |||| 00| 0 spa d | ||
| 040 |
_aMUNICIPALIDAD PROVINCIAL DEL CUSCO _cBIBLIOTECA MUNICIPAL DEL CUSCO |
||
| 082 | _aRev.Univ/N°135/1993 | ||
| 110 |
_aUniversidad Nacional de San Antonio Abad del Cusco _915942 |
||
| 245 |
_aRevista Universitaria : _bÓrgano de la Universidad del Cuzco / |
||
| 260 |
_aCusco : _bUniversidad Nacional de San Antonio Abad del Cusco, _c1993. |
||
| 300 |
_a414 páginas. : _c20 cm. |
||
| 440 |
_aRevista Universitaria _nAño ?, 1993, N°135. _946094 |
||
| 505 | _aContenido: La universidad y su tricentenario. Armando Harvey Valencia. -- El arado andino. Oscar Ladrón de Guevara. -- Tecnología del carrizo. José Felipe Azpilcueta Carbonell. -- Comportamiento de las maquinas eléctricas sobre los 3000 msnm. Jorge Chinchihualpa Gonzales. -- Evaluación de los recursos hidroeléctricos en la Región Inca. Yurin Palomino Cusipaucar. -- Estudio Micro técnico de la cuenca de Piuray para la determinación de las facturas de la filtración de aguas de la laguna de Piuray Chinchero Urubamba Cusco. Rómulo Escobedo Zapana. -- Impacto ambiental que producirá la explotación del gas de Camisea. Carlos Echegaray Adrián. -- Industrialización de los lodos sanitarios por el método de biodegradación aerobia. Mirian Salas del Pino. -- Contaminación Química del agua potable y una posible alternativa de purificación. Mario Cumpa Cayuri. -- Importancia de la fauna en la Región Inka. José Luis Venero. -- Orquídeas andinas del valle sagrado de los Inkas. Washinton Galiano Sánchez. -- Morfología fálica y cariología preliminar en la langosta peruana. Jara Moscoso. -- Introducción al estudio sobre el significado de los nombres Kechuas de las plantas. Felipe Marín Moreno. -- Aspectos del desarrollo de la genética y responsabilidad ético moral. Claudio Rodríguez Suca. -- Heterogeneidad etiológica en cinco casos de hendidura labial o palatina. Gudiel Hermoza. -- Síntesis de la enseñanza de la medicina. Humberto Covarrubias Campana. -- Estado o Región. Oscar Paredes Pando. -- La familia en el Perú algunos rasgos importantes. Rina Cornejo Muñoz. -- Ch´equesqa y Taqe dispersión y concentración en el pensamiento andino sobre el manejo de su ambiente. Washinton Rozas Álvarez. -- Propuesta de un marco conceptual para el estudio de la medicina tradicional andina. Aurelio Carmona Cruz. -- Pintura mural cuzqueña del siglo XX. Jorge Flores Ochoa. -- Algo más sobre la fundación de San Antonio Abad. Horacio Villanueva Urteaga. -- Necesidad de la comunicación interpersonal para conservación de la unidad familiar. Juvenal Pacheco Farfán. -- Los peruanismos en los Heraldos Negros. Julio Galdo Bellota. -- Miguel Hernández el poeta desconocido. Gustavo Pérez Ocampo. -- Apuntes para un estudio semántico de los Comentarios Reales de los Incas. Cesar Elguera Barrios. -- Índole Herencia. Julio Miranda Bernal. -- Proyecto del parque Tricentenario. Víctor Ribero Luque. -- Breve biografía de Iván Pérez Ruibal Rodríguez. | ||
| 650 |
_aAntropología cusqueña _945862 |
||
| 650 |
_aMedicina tradicional _914646 |
||
| 650 |
_aComunidades campesinas _92214 |
||
| 650 |
_aFolklore cusqueño _98693 |
||
| 650 |
_aPintura mural _97581 |
||
| 650 |
_aPintura cusqueña _97254 |
||
| 700 |
_aRuiz de Castilla Marín, Mario _922126 |
||
| 700 |
_aHarvey Valencia, Armando _913164 |
||
| 700 |
_aLadron de Guevara, Oscar _946095 |
||
| 700 |
_aAzpilcueta Carbonell, José Felipe _946096 |
||
| 700 |
_aMarín Moreno, Felipe _946018 |
||
| 700 |
_aFlores Ochoa, Jorge _92915 |
||
| 700 |
_aCornejo Muñoz, Rina _946097 |
||
| 700 |
_aVillanueva Urteaga, Horacio _95790 |
||
| 710 |
_aUniversidad Nacional de San Antonio Abad del Cusco _915942 |
||
| 942 |
_2ddc _cPP |
||
| 945 | _arac | ||